| 000 | 00377 a2200145 4500 | ||
|---|---|---|---|
| 003 | OSt | ||
| 005 | 20241126155537.0 | ||
| 008 | 241126b |||||||| |||| 00| 0 eng d | ||
| 020 | _a9781292244013 | ||
| 040 | _ctbs | ||
| 245 | _aEleventh edition. | ||
| 260 | _c2018 | ||
| 773 | 0 |
_w22073474 _z9781292334691 _aAtrill, Peter. _tAccounting and finance for non-specialists |
|
| 942 | _2ddc | ||
| 999 |
_c4431 _d4431 |
||